Tras un año de ocupación en Granada /
Na minha lista:
| Autor principal: | |
|---|---|
| Formato: | Texto |
| Tags: |
Adicionar Tag
Sem tags, seja o primeiro a adicionar uma tag!
|
MARC
| LEADER | 00000 a a2200000 04500 | ||
|---|---|---|---|
| 001 | 1598 | ||
| 003 | |||
| 040 | |||
| 100 | |a Pierre - Charles, Gérard | ||
| 245 | |a Tras un año de ocupación en Granada / |c Gérard Pierre - Charles | ||
| 773 | |g número 22; páginas 39-43 | ||
| 999 | |c 36793 |d 36793 | ||
